000 00226nam a2200097Ia 4500
008 190216s9999||||xx |||||||||||||| ||und||
100 _aShukla M.C
245 0 _aBusiness Organization And Management
260 _bNull
942 _cBK
999 _c3900
_d3900